|
|
|
|
| LEADER |
00000nab a2200000 a 4500 |
| 001 |
vtls010735852 |
| 003 |
SK-MaSNL |
| 005 |
20260304190629.0 |
| 008 |
250709s1982 xo |||||||||||||||||slo| |
| 035 |
|
|
|a (urnnbn)urn:nbn:sk:snk:ar-a05i50
|
| 035 |
|
|
|a (uuid)786e18c6-96ea-494e-a257-bee42f702bfa
|
| 035 |
|
|
|a urn:nbn:sk:snk-ab3xe1
|
| 040 |
|
|
|a SNKBUCL
|b slo
|c SNKBUCL
|e AACR2
|
| 041 |
0 |
|
|a eng
|
| 044 |
|
|
|a xo
|c SK
|
| 100 |
1 |
|
|a Brabec, V.
|4 aut
|9 801159
|
| 245 |
1 |
0 |
|a Voltammetry of Cytochrome c3 from Desulfovibrio desulfuricans (strain Norway) at the Graphite Electrode
|c V. Brabec, P. Bianco, J. Haladjian
|
| 700 |
1 |
|
|a Bianco, P.
|4 aut
|9 1522073
|
| 700 |
1 |
|
|a Haladjian, J.
|4 aut
|9 1522074
|
| 773 |
0 |
|
|t General physiology and biophysics : an international journal
|g Roč. 1, č. 4 (1982), s. 269-279
|
| 850 |
|
|
|a Slovenská národná knižnica
|
| 852 |
|
|
|a Slovenská národná knižnica
|
| 958 |
|
|
|a article1
|
| 958 |
|
|
|a OND
|
| 958 |
|
|
|a EUIPO
|
| 999 |
|
|
|c 3050813
|d 3052743
|